Представление документа в формате RUSMARC

ПолеНазваниеЗначение
  Тип записи a
  Библиографический уровень m
001 Контрольный номер RU/IS/BASE/425738637
005 Дата корректировки 20230207110702.5
010 Индекс ISBN __
a ISBN 978-985-15-1613-7
d Цена 226-93
100 Данные общей обработки __
a Данные общей обработки 19120615d2012 |||y0rusy0189 ca
101 Язык документа 1_
a Язык текста rus
c Язык оригинала eng
102 Страна публикации __
a Страна публикации RU
105 Кодированные данные (монография) __
a Кодированные данные (монография) y |||||||zy
200 Заглавие и сведения об ответственности 1_
a Заглавие Как начинать разговор и заводить друзей
f Первые сведения об ответственности Дон Гейбор ; [пер. с англ. Ж. А. Шлайтайте]
b Общее обозначение материала Текст
210 Выходные данные 1_
a Место издания Минск
c Издательство Попурри
d Дата издания 2012
215 Физическое описание __
a Объем 239, [1] с.
330 Аннотация __
a Аннотация Следуя простым и понятным советам, приведенным в этой книге, вы сможете научиться вести переговоры с кем угодно и где угодно. Кроме того, вы научитесь поддерживать разговор, задавая правильные вопросы, эффективно используя язык тела и обходя все неудобные темы. Предложенные здесь техники были успешно опробованы на семинарах и зарекомендовали себя как действенные способы начала и поддержания разговора практически в любой ситуации, включая светские и деловые мероприятия. Вы сможете быстро улучшить свои коммуникативные навыки и укрепить уверенность в себе. Если вы хотите более плодотворно общаться в профессиональных, социальных или личных отношениях, значит, это руководство для вас.
606 Тематические рубрики __
a Основная рубрика Психология
606 Тематические рубрики __
a Основная рубрика Социальная психология
610 Ключевые слова 0_
a Ключевые слова общение; социальное общение; психология общения; обаяние; успешность; искусство общения
686 Индексы других классификаций __
a Классификационный индекс 88.50; ст88.5
700 Автор _1
a Фамилия Гейбор
b Имя Д.
g Полное личное имя Дон
4 Код отношения 070
702 Вторичная интеллектуальная ответственность _1
a Фамилия Шлайтайте
b Имя Ж. А.
4 Код отношения Переводчик
4 Код отношения 730
801 Источник записи _0
a Страна RU
b Организация Муниципальное бюджетное учреждение культуры "Централизованная библиотечная система" г. Сургут (Центральная городская библиотека им. А. С. Пушкина)
c Дата составления 20120615
g Правила каталогизации КиК/Котельникова
801 Источник записи _1
a Страна RU
b Организация Муниципальное бюджетное учреждение культуры "Централизованная библиотечная система" г. Сургут (Центральная городская библиотека им. А. С. Пушкина)
c Дата составления 20120615
g Правила каталогизации КиК/Котельникова
852 Данные о местонахождении __
j Шифр хранения 88.50
i Авторский знак Г 29
901 Тип документа __
t Тип документа m
903 Характеристики (МАРС) __
a Дата передачи 20130628
990 Данные о заказе (DOS) __
j Количество экземпляров (DOS) 4
t N записи в КСУ для И/У (DOS) 201307